Statystyki dla Wszystkie piosenki - Bedoes

Kliknij tutaj aby rozwiązać quiz!

Ogólne statystyki

  • Ten quiz został rozwiązany 435 razy
    (269 od ostatniego zresetowania)
  • Średni wynik to 37 z 85

Statystyki odpowiedzi

HintOdpowiedź% Poprawnych
Opowieści z Doliny Smoków (z Lanek)Opowieści z Doliny Smoków
89%
Kwiat polskiej młodzieży (z Kubi Producent)Kwiat polskiej młodzieży
81%
Opowieści z Doliny Smoków (z Lanek)1998 (mam to we krwi)
78%
Opowieści z Doliny Smoków (z Lanek)Jesteś ładniejsza niż na zdjęciach (na zawsze)
77%
Opowieści z Doliny Smoków (z Lanek)Smoki
76%
2114 EP (z Lanek)1998
74%
Rewolucja Romantyczna (z Lanek)Rewolucja Romantyczna (feat. Blu)
74%
Opowieści z Doliny Smoków (z Lanek)VOGUE
70%
Kwiat polskiej młodzieży (z Kubi Producent)Chłopaki nie płaczą (feat. Taco Hemingway)
68%
Rewolucja Romantyczna (z Lanek)Doda :*
67%
Kwiat polskiej młodzieży (z Kubi Producent)05:05
66%
Opowieści z Doliny Smoków (z Lanek)Wschód (lubię zapierdalać) (feat. Kosa & White 2115)
64%
Opowieści z Doliny Smoków (z Lanek)Brzydkie Rzeczy (feat. DJ Johny)
63%
Kwiat polskiej młodzieży (z Kubi Producent)Janosik (feat. Golec uOrkiestra)
63%
Aby śmierć miała znaczenie (z Kubi Producent)Biały i młody
62%
Rewolucja Romantyczna (z Lanek)Intro
62%
2114 EP (z Lanek)Intro
62%
Kwiat polskiej młodzieży (z Kubi Producent)Delfin (feat. Young Multi, Koldi & Beteo)
61%
Rewolucja Romantyczna (z Lanek)TOA$T /
58%
Opowieści z Doliny Smoków (z Lanek)FPS
57%
Rewolucja Romantyczna (z Lanek)City Boy :*
56%
Kwiat polskiej młodzieży (z Kubi Producent)Gady (feat. Białas & Eldo)
56%
Opowieści z Doliny Smoków (z Lanek)Łzy (pierwszy kawałek na tej płycie) (feat. Kuqe 2115)
56%
Rewolucja Romantyczna (z Lanek)Mbappé /
56%
Opowieści z Doliny Smoków (z Lanek)Nadchodzi lato
54%
Aby śmierć miała znaczenie (z Kubi Producent)Gang, gang, gang
53%
Opowieści z Doliny Smoków (z Lanek)Lesbijki
53%
Opowieści z Doliny Smoków (z Lanek)Playboy (dla Lanka) (feat. BLACHA)
52%
Opowieści z Doliny Smoków (z Lanek)Fresh Prince (trill 4ever) (feat. Malik Montana)
50%
Opowieści z Doliny Smoków (z Lanek)SAUVAGE (feat. Białas & Taco Hemingway)
50%
Kwiat polskiej młodzieży (z Kubi Producent)Toy Story (feat. Rafonix)
50%
Kwiat polskiej młodzieży (z Kubi Producent)Wow
49%
Aby śmierć miała znaczenie (z Kubi Producent)Aby śmierć miała znaczenie
47%
Opowieści z Doliny Smoków (z Lanek)Polaco (to też) (feat. Mr. Polska)
46%
Kwiat polskiej młodzieży (z Kubi Producent)Tarzan
46%
Kwiat polskiej młodzieży (z Kubi Producent)1000 koni
45%
Rewolucja Romantyczna (z Lanek)Nawiedzony Dom / (feat. Szpaku)
45%
Kwiat polskiej młodzieży (z Kubi Producent)Rivendell
45%
Kwiat polskiej młodzieży (z Kubi Producent)Śnieg
44%
Kwiat polskiej młodzieży (z Kubi Producent)Bardzo przepraszam
43%
Opowieści z Doliny Smoków (z Lanek)Michelangelo (feat. Pressa)
43%
2114 EP (z Lanek)2114
42%
Rewolucja Romantyczna (z Lanek)Chrome Hearts /
42%
Rewolucja Romantyczna (z Lanek)NBP /
42%
Rewolucja Romantyczna (z Lanek)Tajemnice Atlantydy /
42%
Opowieści z Doliny Smoków (z Lanek)Anarchia 2019 (zawsze chciałem to zrobić)
41%
Rewolucja Romantyczna (z Lanek)Tatuaże i Striptiz /
41%
Rewolucja Romantyczna (z Lanek)Frenezja Romantyczna :*
40%
Opowieści z Doliny Smoków (z Lanek)Gdzie jest Eis? (to dla was)
40%
Opowieści z Doliny Smoków (z Lanek)Fendi (poznaliśmy się w studio) (feat. Smxkey Nunno)
38%
Kwiat polskiej młodzieży (z Kubi Producent)Introdukcja
38%
Rewolucja Romantyczna (z Lanek)Marseille :*
38%
Aby śmierć miała znaczenie (z Kubi Producent)Napad
38%
Rewolucja Romantyczna (z Lanek)NIEWIEŚCIN BYDGOSZCZ /
38%
Opowieści z Doliny Smoków (z Lanek)Hardcore Pleasure (feat. Kuqe 2115 & flexxy2115)
37%
Kwiat polskiej młodzieży (z Kubi Producent)Mercedes GLE Coupé (feat. BLACHA, Kuqe 2115 & flexxy2115)
37%
Aby śmierć miała znaczenie (z Kubi Producent)NFZ
37%
Kwiat polskiej młodzieży (z Kubi Producent)Givenchy (feat. Solar)
36%
Aby śmierć miała znaczenie (z Kubi Producent)Anioły
35%
Squadshits (Bootleg)A Ty?
35%
Rewolucja Romantyczna (z Lanek)Bukiet Białych Róz (SQUADSHIT #13) / (feat. Blu)
34%
2114 EP (z Lanek)Outro
34%
Rewolucja Romantyczna (z Lanek)Wędrowiec Nad Morzem Mgły / (feat. Białas)
34%
Rewolucja Romantyczna (z Lanek)Moi Ludzie / (feat. BLACHA & Eis)
33%
Squadshits (Bootleg)Puszki, kartony, butelki
33%
Rewolucja Romantyczna (z Lanek)Vivienne Westwood :*
32%
Rewolucja Romantyczna (z Lanek)Gretzkii / (feat. flexxy2115)
30%
Aby śmierć miała znaczenie (z Kubi Producent)C'est la vie
26%
Squadshits (Bootleg)Jumpman
25%
Aby śmierć miała znaczenie (z Kubi Producent)Hymn (feat. Solar & Białas)
23%
Aby śmierć miała znaczenie (z Kubi Producent)Papito (feat. Kuqe 2115)
23%
Aby śmierć miała znaczenie (z Kubi Producent)Kolega brata rapera
22%
2119 EP (z Lanek)Faded
21%
Aby śmierć miała znaczenie (z Kubi Producent)Jon Snow (feat. White 2115)
21%
Squadshits (Bootleg)NaNaNa - Remix (feat. Zui)
21%
Aby śmierć miała znaczenie (z Kubi Producent)Typie (feat. Reto)
21%
2119 EP (z Lanek)Lost (feat. Taco Hemingway)
19%
Squadshits (Bootleg)Mama - Remix (feat. Solar & Białas)
19%
Aby śmierć miała znaczenie (z Kubi Producent)Raz (feat. Beteo)
19%
2119 EP (z Lanek)Brixton Kallin
18%
2119 EP (z Lanek)Kold Nights
18%
2119 EP (z Lanek)European Love
15%
Aby śmierć miała znaczenie (z Kubi Producent)Łk 1, 46-55
15%
2114 EP (z Lanek)1025
12%
2114 EP (z Lanek)7605
12%

Rozkład punktacji

Percentyl według liczby udzielonych odpowiedzi

Procent ludzi z każdym wynikiem

Twoja historia wyników

Nie rozwiązałeś tego quizu od ostatniego zresetowania